| 000 | 00753nam a22002417a 4500 | ||
|---|---|---|---|
| 003 | UA-OsUOA | ||
| 001 | 48644 | ||
| 007 | ta | ||
| 008 | 20130624b un ||||| |||| 00| 0 ukr d | ||
| 100 | _aКубійович В. | ||
| 090 |
_a061 НТШ _bК88 |
||
| 942 | _cBR | ||
| 040 |
_aUA-OsUOA _bukr _cUA-OsUOA _dUA-OsUOA |
||
| 245 | _aНарис історії Наукового товариства ім. Шевченка (1873-1949) | ||
| 300 | _a53 с. | ||
| 955 | _a1 | ||
| 041 | _aukr | ||
| 080 | _a061 НТШ | ||
| 260 |
_aЛьвів _bНТШ у Львові _c1991 |
||
| 650 | 7 |
_a0 Загальний відділ. _2UDC |
|
| 999 |
_c428767 _d428767 |
||